<?xml version="1.0" encoding="UTF-8"?>
<collection xmlns="http://www.loc.gov/MARC21/slim">
<record>
  <controlfield tag="001">149894</controlfield>
  <controlfield tag="005">20251017144636.0</controlfield>
  <datafield tag="024" ind1="7" ind2=" ">
    <subfield code="2">doi</subfield>
    <subfield code="a">10.21897/assensus.3760</subfield>
  </datafield>
  <datafield tag="024" ind1="8" ind2=" ">
    <subfield code="2">sideral</subfield>
    <subfield code="a">142239</subfield>
  </datafield>
  <datafield tag="037" ind1=" " ind2=" ">
    <subfield code="a">ART-2024-142239</subfield>
  </datafield>
  <datafield tag="041" ind1=" " ind2=" ">
    <subfield code="a">spa</subfield>
  </datafield>
  <datafield tag="100" ind1=" " ind2=" ">
    <subfield code="a">Monforte García, Estefanía</subfield>
    <subfield code="u">Universidad de Zaragoza</subfield>
    <subfield code="0">(orcid)0000-0003-1576-6749</subfield>
  </datafield>
  <datafield tag="245" ind1=" " ind2=" ">
    <subfield code="a">Análisis de la mujer y la niña en las imágenes de los libros de texto escolares de Educación Primaria.</subfield>
  </datafield>
  <datafield tag="260" ind1=" " ind2=" ">
    <subfield code="c">2024</subfield>
  </datafield>
  <datafield tag="506" ind1="0" ind2=" ">
    <subfield code="a">Access copy available to the general public</subfield>
    <subfield code="f">Unrestricted</subfield>
  </datafield>
  <datafield tag="520" ind1="3" ind2=" ">
    <subfield code="a">La educación supone una herramienta capaz de transformar los modelos culturales de género desde los contenidos educativos que se imparten. Esto es una realidad cada vez más visible que coexiste con el reflejo de nuestra sociedad patriarcal en la que se aprecia la figura femenina en un lugar insustancial en los materiales escolares. El objetivo de esta investigación es analizar la representación de la mujer y la niña en el lenguaje iconográfico de los libros de texto. Para ello, se ha utilizado una metodología cualitativa y se ha empleado el análisis de contenido a partir de 52 imágenes extraídas de  18 libros de texto de 5 editoriales diferentes. Este recopilatorio y análisis ha sido elaborado por el alumnado del Grado de Maestro/a en Educación Primaria de la Universidad de Zaragoza. Los resultados han mostrado que las niñas y mujeres siguen apareciendo en las imágenes bajo un papel secundario  y  estereotipado.  Como  conclusión,  el  proceso  de  análisis  reflexivo experimentado por las y los futuros docentes requiere de un enfoque preventivo y proactivo en su formación inicial, así como una revisión de los contenidos e imágenes que persisten en los materiales escolares y que presentan la figura femenina bajo unos roles patriarcales que se acaban proyectando en las aulas.</subfield>
  </datafield>
  <datafield tag="540" ind1=" " ind2=" ">
    <subfield code="9">info:eu-repo/semantics/openAccess</subfield>
    <subfield code="a">by-sa</subfield>
    <subfield code="u">https://creativecommons.org/licenses/by-sa/4.0/deed.es</subfield>
  </datafield>
  <datafield tag="655" ind1=" " ind2="4">
    <subfield code="a">info:eu-repo/semantics/article</subfield>
    <subfield code="v">info:eu-repo/semantics/publishedVersion</subfield>
  </datafield>
  <datafield tag="700" ind1=" " ind2=" ">
    <subfield code="a">Jiménez Andújar, Eva María</subfield>
    <subfield code="u">Universidad de Zaragoza</subfield>
    <subfield code="0">(orcid)0000-0002-5629-5894</subfield>
  </datafield>
  <datafield tag="710" ind1="2" ind2=" ">
    <subfield code="1">4001</subfield>
    <subfield code="2">215</subfield>
    <subfield code="a">Universidad de Zaragoza</subfield>
    <subfield code="b">Dpto. Ciencias de la Educación</subfield>
    <subfield code="c">Área Didáctica y Organiz. Esc.</subfield>
  </datafield>
  <datafield tag="773" ind1=" " ind2=" ">
    <subfield code="g">9 , 16 (2024), 6-27</subfield>
    <subfield code="p">Assensus</subfield>
    <subfield code="t">Assensus</subfield>
    <subfield code="x">2619-3884</subfield>
  </datafield>
  <datafield tag="787" ind1=" " ind2=" ">
    <subfield code="t">Análisis de la mujer y la niña en las imágenes de los libros de texto escolares de Educación Primaria</subfield>
    <subfield code="w">10.21897/assensus.3760</subfield>
  </datafield>
  <datafield tag="856" ind1="4" ind2=" ">
    <subfield code="s">805444</subfield>
    <subfield code="u">http://zaguan.unizar.es/record/149894/files/texto_completo.pdf</subfield>
    <subfield code="y">Versión publicada</subfield>
  </datafield>
  <datafield tag="856" ind1="4" ind2=" ">
    <subfield code="s">1715632</subfield>
    <subfield code="u">http://zaguan.unizar.es/record/149894/files/texto_completo.jpg?subformat=icon</subfield>
    <subfield code="x">icon</subfield>
    <subfield code="y">Versión publicada</subfield>
  </datafield>
  <datafield tag="909" ind1="C" ind2="O">
    <subfield code="o">oai:zaguan.unizar.es:149894</subfield>
    <subfield code="p">articulos</subfield>
    <subfield code="p">driver</subfield>
  </datafield>
  <datafield tag="951" ind1=" " ind2=" ">
    <subfield code="a">2025-10-17-14:29:30</subfield>
  </datafield>
  <datafield tag="980" ind1=" " ind2=" ">
    <subfield code="a">ARTICLE</subfield>
  </datafield>
</record>
</collection>